Relativity: an introduction to special and general relativity

Bewaard in:
Bibliografische gegevens
Hoofdauteur: Stephani, Hans (Auteur)
Formaat: Boek
Taal:Engels
Gepubliceerd in: Cambridge Cambridge University 2004
Editie:3a. ed
Onderwerpen:
Tags: Voeg label toe
Geen labels, Wees de eerste die dit record labelt!

MARC

LEADER 00000nam a2200000 a 4500
001 UCL8356
003 CL-VaPUC
008 040618e20040000uk |||||||||||||||||eng|d
020 |a 0521010691 
082 0 4 |a 530.11  |b STE  |2 21 
100 0 |a Stephani, Hans  |e author  |9 486300 
245 1 0 |a Relativity: an introduction to special and general relativity 
250 |a 3a. ed 
300 |a 396 p 
942 |c BK 
945 |d 20040618 00:00:00  |a cmena 
260 |a Cambridge  |b Cambridge University  |c 2004 
650 0 |a Teoría de la relatividad   |9 266149 
650 0 |a Física   |9 227844 
650 0 |a Espacio y tiempo  |9 265042 
583 |a last modification  |c 20130806 04:38:47  |k Rodrigo Vera 
999 |c 309696  |d 309694 
952 |0 0  |1 0  |4 0  |6 530_110000000000000_STE_2004  |7 0  |8 A  |9 377415  |a BIBCUR  |b BIBCUR  |d 2019-11-21  |i 4029607  |l 1  |o 530.11 STE 2004  |p 4029607  |r 2025-04-22  |s 2022-06-15  |w 2019-11-21  |y BK  |k FIS